[Event "Deutsche Ländermeisterschaft 2017"]
[Site "Hannover GER"]
[Date "2017.10.04"]
[Round "7"]
[White "Ronge, Tim Hendrik"]
[Black "Schulze, Lara"]
[Result "0-1"]
[Termination "normal"]
[Board "3.3"]
[BlackTitle "WFM"]
[WhiteElo "2125"]
[BlackElo "2130"]
[WhiteClock "00:06:06"]
[BlackClock "00:00:36"]
[WhiteTeam "Rheinland-Pfalz"]
[BlackTeam "Niedersachsen"]
[PlyCount "78"]
[WhiteFideId "12955418"]
[BlackFideId "12956830"]
[EventCountry "GER"]
[EventRounds "7"]
[EventType "team-swiss"]
[EventDate "2017.09.29"]

1. d4 {[%clk 1:30:59]} Nf6 {[%clk 1:30:59]} 2. c4 {[%clk 1:31:23]} e6 {[%clk
1:31:24]} 3. Nc3 {[%clk 1:31:51]} Bb4 {[%clk 1:31:38]} 4. e3 {[%clk 1:32:18]}
b6 {[%clk 1:32:00]} 5. Nge2 {[%clk 1:32:45]} c5 {[%clk 1:32:23]} 6. a3 {[%clk
1:33:12]} Ba5 {[%clk 1:32:47]} 7. Rb1 {[%clk 1:33:39]} Qe7 {[%clk 1:32:55]} 8.
Bd2 {[%clk 1:33:36]} O-O {[%clk 1:30:10]} 9. d5 {[%clk 1:30:03]} exd5 {[%clk
1:30:02]} 10. cxd5 {[%clk 1:30:24]} Bxc3 {[%clk 1:27:28]} 11. Nxc3 {[%clk
1:30:33]} d6 {[%clk 1:22:25]} 12. Bc4 {[%clk 1:26:12]} a6 {[%clk 1:08:15]} 13.
O-O {[%clk 1:22:22]} Nbd7 {[%clk 0:58:57]} 14. Re1 {[%clk 1:17:18]} b5 {[%clk
0:55:43]} 15. Ba2 {[%clk 1:15:51]} Ne5 {[%clk 0:49:16]} 16. b4 {[%clk 0:56:16]}
c4 {[%clk 0:46:16]} 17. a4 {[%clk 0:56:14]} Nd3 {[%clk 0:36:42]} 18. Re2 {[%clk
0:53:07]} Qe5 {[%clk 0:30:18]} 19. axb5 {[%clk 0:46:37]} axb5 {[%clk 0:25:18]}
20. Be1 {[%clk 0:35:42]} Bd7 {[%clk 0:21:40]} 21. h3 {[%clk 0:35:25]} Nxd5
{[%clk 0:19:45]} 22. Nxd5 {[%clk 0:35:14]} Qxd5 {[%clk 0:20:13]} 23. Bc3 {[%clk
0:35:37]} Ra3 {[%clk 0:17:14]} 24. Rc1 {[%clk 0:27:01]} Qg5 {[%clk 0:14:06]}
25. Bb1 {[%clk 0:26:07]} Nxc1 {[%clk 0:12:50]} 26. Qxc1 {[%clk 0:26:33]} Bc6
{[%clk 0:11:07]} 27. f4 {[%clk 0:26:45]} Rxc3 {[%clk 0:06:32]} 28. Qxc3 {[%clk
0:27:11]} Qe7 {[%clk 0:06:50]} 29. e4 {[%clk 0:26:44]} Ra8 {[%clk 0:05:24]} 30.
e5 {[%clk 0:23:29]} dxe5 {[%clk 0:04:54]} 31. Rxe5 {[%clk 0:22:44]} Qd6 {[%clk
0:04:08]} 32. Bc2 {[%clk 0:19:36]} Rd8 {[%clk 0:03:43]} 33. Qg3 {[%clk
0:17:29]} g6 {[%clk 0:03:13]} 34. Kh2 {[%clk 0:14:29]} Qxb4 {[%clk 0:02:08]}
35. Qg5 {[%clk 0:09:46]} Qd6 {[%clk 0:01:43]} 36. Rf5 {[%clk 0:08:53]} h6
{[%clk 0:01:01]} 37. Qg3 {[%clk 0:08:09]} Qd2 {[%clk 0:00:44]} 38. Rxf7 {[%clk
0:06:34]} Qxc2 {[%clk 0:00:43]} 39. f5 {[%clk 0:06:06]} Qxg2+ {[%clk 0:00:36]}
0-1

[Event "Deutsche Ländermeisterschaft 2017"]
[Site "Hannover GER"]
[Date "2017.10.04"]
[Round "7"]
[White "Polster, Christian"]
[Black "Yankelevich, Michael"]
[Result "1-0"]
[Termination "normal"]
[Board "3.4"]
[WhiteTitle "FM"]
[WhiteElo "2144"]
[BlackElo "1919"]
[WhiteClock "00:13:40"]
[BlackClock "00:59:30"]
[WhiteTeam "Niedersachsen"]
[BlackTeam "Rheinland-Pfalz"]
[PlyCount "69"]
[WhiteFideId "12965081"]
[BlackFideId "12921440"]
[EventCountry "GER"]
[EventRounds "7"]
[EventType "team-swiss"]
[EventDate "2017.09.29"]

1. c4 {[%clk 1:30:52]} c5 {[%clk 1:30:44]} 2. Nc3 {[%clk 1:31:14]} Nc6 {[%clk
1:31:06]} 3. g3 {[%clk 1:31:23]} g6 {[%clk 1:31:28]} 4. Bg2 {[%clk 1:31:30]}
Bg7 {[%clk 1:31:51]} 5. Nf3 {[%clk 1:31:41]} e5 {[%clk 1:31:56]} 6. O-O {[%clk
1:30:23]} Nge7 {[%clk 1:30:25]} 7. Ne1 {[%clk 1:28:07]} d6 {[%clk 1:29:51]} 8.
Nc2 {[%clk 1:27:35]} Be6 {[%clk 1:29:38]} 9. Nd5 {[%clk 1:27:13]} Rb8 {[%clk
1:26:35]} 10. Nce3 {[%clk 1:19:19]} O-O {[%clk 1:24:52]} 11. Qa4 {[%clk
1:14:04]} Nd4 {[%clk 1:23:58]} 12. Re1 {[%clk 1:07:47]} Nec6 {[%clk 1:21:54]}
13. b4 {[%clk 0:47:57]} cxb4 {[%clk 1:18:10]} 14. Nxb4 {[%clk 0:46:46]} Na5
{[%clk 1:15:24]} 15. d3 {[%clk 0:41:23]} Bd7 {[%clk 1:14:13]} 16. Qa3 {[%clk
0:37:08]} f5 {[%clk 1:06:16]} 17. Nec2 {[%clk 0:31:06]} Ne6 {[%clk 1:02:55]}
18. Bd2 {[%clk 0:30:47]} Nc6 {[%clk 1:02:15]} 19. Rab1 {[%clk 0:27:17]} Nxb4
20. Nxb4 Nd4 {[%clk 1:01:25]} 21. e3 {[%clk 0:24:55]} Ne6 {[%clk 1:01:38]} 22.
Nd5 {[%clk 0:22:36]} Nc5 {[%clk 1:01:03]} 23. Bb4 {[%clk 0:14:10]} b6 {[%clk
0:59:29]} 24. Bxc5 {[%clk 0:13:53]} bxc5 {[%clk 0:58:51]} 25. Qxa7 {[%clk
0:14:12]} Bh6 {[%clk 0:57:29]} 26. Rxb8 {[%clk 0:14:23]} Qxb8 {[%clk 0:57:38]}
27. Qxd7 {[%clk 0:14:39]} f4 {[%clk 0:57:52]} 28. exf4 {[%clk 0:14:45]} exf4
{[%clk 0:58:12]} 29. Nf6+ {[%clk 0:15:01]} Rxf6 {[%clk 0:58:16]} 30. Re8+
{[%clk 0:15:24]} Rf8 {[%clk 0:58:25]} 31. Bd5+ {[%clk 0:15:18]} Kh8 {[%clk
0:58:44]} 32. Rxb8 {[%clk 0:13:23]} Rxb8 {[%clk 0:59:06]} 33. Qxd6 {[%clk
0:13:36]} Rf8 {[%clk 0:59:17]} 34. a4 {[%clk 0:13:20]} f3 {[%clk 0:59:30]} 35.
a5 {[%clk 0:13:40]} 1-0

[Event "Deutsche Ländermeisterschaft 2017"]
[Site "Hannover GER"]
[Date "2017.10.04"]
[Round "7"]
[White "Musiolik, David"]
[Black "Pubantz, Jan"]
[Result "0-1"]
[Termination "normal"]
[Board "3.5"]
[WhiteElo "1952"]
[BlackElo "2030"]
[WhiteClock "00:03:58"]
[BlackClock "00:03:15"]
[WhiteTeam "Rheinland-Pfalz"]
[BlackTeam "Niedersachsen"]
[PlyCount "80"]
[WhiteFideId "12972355"]
[BlackFideId "12996114"]
[EventCountry "GER"]
[EventRounds "7"]
[EventType "team-swiss"]
[EventDate "2017.09.29"]

1. e4 {[%clk 1:30:57]} c5 {[%clk 1:30:56]} 2. Nf3 {[%clk 1:31:14]} d6 {[%clk
1:31:20]} 3. d4 {[%clk 1:31:37]} cxd4 {[%clk 1:31:41]} 4. Nxd4 {[%clk 1:32:02]}
Nf6 {[%clk 1:32:04]} 5. Nc3 {[%clk 1:32:22]} a6 {[%clk 1:32:23]} 6. Be2 {[%clk
1:32:39]} e5 {[%clk 1:32:36]} 7. Nb3 {[%clk 1:33:00]} Be7 {[%clk 1:32:29]} 8.
O-O {[%clk 1:33:21]} O-O {[%clk 1:32:53]} 9. Kh1 {[%clk 1:32:16]} Be6 {[%clk
1:27:00]} 10. Be3 {[%clk 1:22:01]} Nbd7 {[%clk 1:14:43]} 11. a4 {[%clk
1:19:57]} Nb6 {[%clk 1:08:52]} 12. Na5 {[%clk 1:12:32]} Qc7 {[%clk 1:00:25]}
13. Qd2 {[%clk 0:51:29]} Rfd8 {[%clk 0:57:23]} 14. Bxb6 {[%clk 0:46:00]} Qxb6
{[%clk 0:57:42]} 15. Nd5 {[%clk 0:41:56]} Bxd5 {[%clk 0:39:21]} 16. exd5 {[%clk
0:42:17]} Rac8 {[%clk 0:38:22]} 17. Nc4 {[%clk 0:36:37]} Qc5 {[%clk 0:35:12]}
18. Ne3 {[%clk 0:35:32]} Nd7 {[%clk 0:33:42]} 19. Nf5 {[%clk 0:31:04]} Bf6
{[%clk 0:31:32]} 20. c4 {[%clk 0:29:07]} a5 {[%clk 0:29:19]} 21. Rab1 {[%clk
0:27:26]} Nb6 {[%clk 0:28:15]} 22. Rfc1 {[%clk 0:16:38]} Qxf2 {[%clk 0:18:51]}
23. Qxa5 {[%clk 0:11:19]} Ra8 {[%clk 0:11:56]} 24. Qb5 {[%clk 0:10:32]} Nxa4
{[%clk 0:11:55]} 25. Ng3 {[%clk 0:08:57]} Qb6 {[%clk 0:10:49]} 26. Qxb6 {[%clk
0:09:11]} Nxb6 {[%clk 0:11:14]} 27. Ra1 {[%clk 0:08:59]} Bg5 {[%clk 0:09:34]}
28. Rf1 {[%clk 0:08:44]} g6 {[%clk 0:08:58]} 29. Ne4 {[%clk 0:08:24]} Be3
{[%clk 0:08:50]} 30. Rxa8 {[%clk 0:07:33]} Nxa8 {[%clk 0:09:04]} 31. Rf6 {[%clk
0:07:21]} Bc5 {[%clk 0:07:32]} 32. Ng5 {[%clk 0:04:32]} Rd7 {[%clk 0:07:39]}
33. Bg4 {[%clk 0:04:43]} Kg7 {[%clk 0:06:45]} 34. Bxd7 {[%clk 0:04:18]} Kxf6
{[%clk 0:07:08]} 35. Nxh7+ {[%clk 0:04:26]} Ke7 {[%clk 0:05:54]} 36. Bg4 {[%clk
0:04:08]} f6 {[%clk 0:03:48]} 37. Be6 {[%clk 0:04:14]} Nc7 {[%clk 0:03:50]} 38.
Bg8 {[%clk 0:04:35]} e4 {[%clk 0:02:58]} 39. Be6 {[%clk 0:03:33]} Nxe6 {[%clk
0:03:15]} 40. dxe6 {[%clk 0:03:58]} e3 0-1

[Event "Deutsche Ländermeisterschaft 2017"]
[Site "Hannover GER"]
[Date "2017.10.04"]
[Round "7"]
[White "Hommer, Jeremy"]
[Black "Morio, Estelle"]
[Result "1/2-1/2"]
[Termination "normal"]
[Board "3.6"]
[WhiteElo "1948"]
[BlackElo "1844"]
[WhiteClock "00:29:35"]
[BlackClock "00:11:30"]
[WhiteTeam "Niedersachsen"]
[BlackTeam "Rheinland-Pfalz"]
[PlyCount "104"]
[WhiteFideId "12992577"]
[BlackFideId "12951951"]
[EventCountry "GER"]
[EventRounds "7"]
[EventType "team-swiss"]
[EventDate "2017.09.29"]

1. d4 {[%clk 1:30:56]} Nf6 {[%clk 1:30:53]} 2. Bf4 {[%clk 1:31:20]} g6 {[%clk
1:31:06]} 3. e3 {[%clk 1:31:37]} Bg7 {[%clk 1:31:30]} 4. h3 {[%clk 1:31:07]}
O-O {[%clk 1:31:47]} 5. Nf3 {[%clk 1:31:05]} d6 {[%clk 1:32:00]} 6. Nbd2 {[%clk
1:30:41]} Nfd7 {[%clk 1:31:53]} 7. c3 {[%clk 1:29:50]} e5 {[%clk 1:32:06]} 8.
dxe5 {[%clk 1:30:08]} dxe5 {[%clk 1:32:20]} 9. Bh2 {[%clk 1:30:29]} Qe7 {[%clk
1:28:24]} 10. Be2 {[%clk 1:28:52]} Nc6 {[%clk 1:28:28]} 11. O-O {[%clk
1:26:30]} a5 {[%clk 1:26:10]} 12. Ne1 {[%clk 0:59:10]} Nc5 {[%clk 1:01:06]} 13.
Nd3 {[%clk 0:54:18]} Nxd3 {[%clk 0:58:45]} 14. Bxd3 {[%clk 0:53:56]} Be6 {[%clk
0:58:24]} 15. Qe2 {[%clk 0:51:51]} Rad8 {[%clk 0:56:56]} 16. Rfd1 {[%clk
0:49:32]} Rd7 {[%clk 0:51:45]} 17. Be4 {[%clk 0:48:20]} Qc5 {[%clk 0:39:41]}
18. Nb3 {[%clk 0:45:58]} Rxd1+ {[%clk 0:39:12]} 19. Rxd1 {[%clk 0:44:56]} Qb6
{[%clk 0:34:22]} 20. Bxc6 {[%clk 0:35:16]} Bxb3 {[%clk 0:33:58]} 21. axb3
{[%clk 0:35:00]} Qxc6 {[%clk 0:34:18]} 22. Qc4 {[%clk 0:35:13]} Qxc4 {[%clk
0:32:52]} 23. bxc4 {[%clk 0:34:39]} b6 {[%clk 0:28:57]} 24. Kf1 {[%clk
0:33:28]} f6 {[%clk 0:26:57]} 25. Rd7 {[%clk 0:30:51]} Rf7 {[%clk 0:24:47]} 26.
Rd8+ {[%clk 0:29:43]} Rf8 {[%clk 0:22:52]} 27. Rd5 {[%clk 0:29:55]} Rf7 {[%clk
0:22:49]} 28. f4 {[%clk 0:28:50]} Re7 {[%clk 0:20:24]} 29. fxe5 {[%clk
0:27:34]} fxe5 {[%clk 0:20:46]} 30. e4 {[%clk 0:26:49]} Kf7 {[%clk 0:20:09]}
31. c5 {[%clk 0:26:18]} Ke6 {[%clk 0:17:55]} 32. Ke2 {[%clk 0:25:43]} Rd7
{[%clk 0:17:12]} 33. c4 {[%clk 0:25:26]} Rxd5 {[%clk 0:08:41]} 34. cxd5+ {[%clk
0:25:35]} Kd7 {[%clk 0:09:02]} 35. cxb6 {[%clk 0:25:44]} cxb6 {[%clk 0:09:23]}
36. Kd3 {[%clk 0:25:19]} b5 {[%clk 0:09:39]} 37. Bg1 {[%clk 0:25:09]} Bf8
{[%clk 0:09:45]} 38. Bb6 {[%clk 0:25:22]} a4 {[%clk 0:08:10]} 39. Kc3 {[%clk
0:23:24]} b4+ {[%clk 0:05:20]} 40. Kc4 {[%clk 0:23:31]} Bd6 {[%clk 0:00:42]}
41. Ba5 {[%clk 0:20:43]} b3 {[%clk 0:26:23]} 42. Bc3 {[%clk 0:50:20]} Ke8
{[%clk 0:25:40]} 43. Bd2 {[%clk 0:49:08]} Be7 {[%clk 0:18:22]} 44. Bc1 {[%clk
0:47:46]} Kd7 {[%clk 0:18:11]} 45. g3 {[%clk 0:47:21]} Bf8 {[%clk 0:18:09]} 46.
g4 {[%clk 0:46:35]} Kc7 {[%clk 0:17:47]} 47. g5 {[%clk 0:45:30]} Kb6 {[%clk
0:17:35]} 48. Be3+ {[%clk 0:40:29]} Kb7 {[%clk 0:16:44]} 49. Bd2 {[%clk
0:39:29]} Bd6 {[%clk 0:15:59]} 50. Ba5 {[%clk 0:37:22]} Ka6 {[%clk 0:14:39]}
51. Bd8 {[%clk 0:30:24]} Kb7 {[%clk 0:12:59]} 52. Ba5 {[%clk 0:29:35]} Ka6
{[%clk 0:11:30]} 1/2-1/2

[Event "Deutsche Ländermeisterschaft 2017"]
[Site "Hannover GER"]
[Date "2017.10.04"]
[Round "7"]
[White "Reitz, Theresa"]
[Black "Mönster, Madita"]
[Result "0-1"]
[Termination "normal"]
[Board "3.7"]
[WhiteElo "1730"]
[BlackElo "1730"]
[WhiteClock "00:28:23"]
[BlackClock "00:25:19"]
[WhiteTeam "Rheinland-Pfalz"]
[BlackTeam "Niedersachsen"]
[PlyCount "88"]
[WhiteFideId "12971901"]
[BlackFideId "12947156"]
[EventCountry "GER"]
[EventRounds "7"]
[EventType "team-swiss"]
[EventDate "2017.09.29"]

1. d4 {[%clk 1:30:55]} Nf6 {[%clk 1:30:52]} 2. Nf3 {[%clk 1:31:20]} d5 {[%clk
1:31:09]} 3. c4 {[%clk 1:30:18]} e6 {[%clk 1:29:50]} 4. cxd5 {[%clk 1:29:19]}
exd5 {[%clk 1:28:14]} 5. Qc2 {[%clk 1:26:09]} Be7 {[%clk 1:25:09]} 6. Nc3
{[%clk 1:24:23]} O-O {[%clk 1:23:34]} 7. Bg5 {[%clk 1:24:32]} c6 {[%clk
1:21:35]} 8. e3 {[%clk 1:24:33]} h6 {[%clk 1:15:22]} 9. Bf4 {[%clk 1:20:37]}
Nh5 {[%clk 1:10:07]} 10. Be5 {[%clk 1:15:05]} Nd7 {[%clk 1:08:44]} 11. h3
{[%clk 1:14:05]} Nxe5 {[%clk 1:04:53]} 12. Nxe5 {[%clk 1:14:12]} Bd6 {[%clk
1:03:16]} 13. Nf3 {[%clk 1:13:12]} Re8 {[%clk 1:02:08]} 14. O-O-O {[%clk
1:12:39]} Nf6 {[%clk 0:57:03]} 15. Bd3 {[%clk 1:10:32]} Qe7 {[%clk 0:41:46]}
16. g4 {[%clk 1:05:53]} b5 {[%clk 0:28:22]} 17. g5 {[%clk 0:57:46]} hxg5 {[%clk
0:28:18]} 18. Rdg1 {[%clk 0:57:21]} b4 {[%clk 0:25:16]} 19. Na4 {[%clk
0:52:40]} Ne4 {[%clk 0:24:49]} 20. Ne1 {[%clk 0:38:59]} Bd7 {[%clk 0:22:05]}
21. Qe2 {[%clk 0:32:32]} c5 {[%clk 0:20:28]} 22. dxc5 {[%clk 0:32:23]} Bxa4
{[%clk 0:19:16]} 23. cxd6 {[%clk 0:32:35]} Qxd6 {[%clk 0:19:37]} 24. Kb1 {[%clk
0:31:19]} b3 {[%clk 0:18:46]} 25. a3 {[%clk 0:30:23]} d4 {[%clk 0:17:58]} 26.
Bxe4 {[%clk 0:29:20]} Rxe4 {[%clk 0:18:14]} 27. Qd3 {[%clk 0:27:51]} Bc6 {[%clk
0:11:29]} 28. Rxg5 {[%clk 0:19:09]} Re5 {[%clk 0:08:36]} 29. Rxe5 {[%clk
0:14:58]} Qxe5 {[%clk 0:08:59]} 30. exd4 {[%clk 0:13:16]} Qe6 {[%clk 0:08:26]}
31. f3 {[%clk 0:12:54]} Re8 {[%clk 0:08:10]} 32. Ng2 {[%clk 0:11:35]} Qd5
{[%clk 0:07:05]} 33. Re1 {[%clk 0:02:30]} Rd8 {[%clk 0:07:10]} 34. Re3 {[%clk
0:01:21]} Qxd4 {[%clk 0:04:47]} 35. Qxd4 {[%clk 0:01:27]} Rxd4 {[%clk 0:05:13]}
36. Rxb3 {[%clk 0:01:32]} Rd1+ {[%clk 0:04:44]} 37. Kc2 {[%clk 0:01:51]} Rf1
{[%clk 0:04:37]} 38. Rb8+ {[%clk 0:00:45]} Kh7 {[%clk 0:05:01]} 39. Ne3 {[%clk
0:00:34]} Rxf3 {[%clk 0:04:56]} 40. Ng4 {[%clk 0:00:36]} Rxh3 {[%clk 0:04:20]}
41. Ne5 {[%clk 0:00:37]} Be4+ {[%clk 0:02:36]} 42. Kd2 {[%clk 0:29:47]} f5
{[%clk 0:26:38]} 43. Nf7 {[%clk 0:28:49]} Kg6 {[%clk 0:25:23]} 44. Nd6 {[%clk
0:28:23]} Rd3+ {[%clk 0:25:19]} 0-1

[Event "Deutsche Ländermeisterschaft 2017"]
[Site "Hannover GER"]
[Date "2017.10.04"]
[Round "7"]
[White "Reichelt, Lena"]
[Black "Kalina, Lena"]
[Result "1/2-1/2"]
[Termination "normal"]
[Board "3.8"]
[WhiteElo "1502"]
[BlackElo "1402"]
[WhiteClock "00:22:38"]
[BlackClock "00:06:04"]
[WhiteTeam "Niedersachsen"]
[BlackTeam "Rheinland-Pfalz"]
[PlyCount "103"]
[WhiteFideId "12981184"]
[BlackFideId "12988014"]
[EventCountry "GER"]
[EventRounds "7"]
[EventType "team-swiss"]
[EventDate "2017.09.29"]

1. d4 {[%clk 1:30:52]} Nf6 {[%clk 1:31:08]} 2. Nf3 {[%clk 1:31:07]} g6 {[%clk
1:31:17]} 3. c4 {[%clk 1:30:57]} Bg7 {[%clk 1:31:10]} 4. Nc3 {[%clk 1:30:20]}
O-O {[%clk 1:30:39]} 5. e4 {[%clk 1:29:55]} d6 {[%clk 1:29:52]} 6. Bg5 {[%clk
1:28:49]} Nbd7 {[%clk 1:25:46]} 7. Be2 {[%clk 1:25:38]} e5 {[%clk 1:24:48]} 8.
O-O {[%clk 1:22:26]} a5 {[%clk 1:19:02]} 9. Re1 {[%clk 1:15:14]} b6 {[%clk
1:13:07]} 10. Bf1 {[%clk 1:11:14]} Bb7 {[%clk 1:08:27]} 11. Qc2 {[%clk
1:08:53]} h6 {[%clk 1:04:25]} 12. Bxf6 {[%clk 0:59:01]} Bxf6 {[%clk 1:02:29]}
13. Rad1 {[%clk 0:57:18]} Bg7 {[%clk 0:53:27]} 14. d5 {[%clk 0:48:58]} Nc5
{[%clk 0:46:33]} 15. a3 {[%clk 0:48:28]} a4 {[%clk 0:44:49]} 16. Nb5 {[%clk
0:41:52]} Bc8 {[%clk 0:33:29]} 17. h3 {[%clk 0:36:12]} f5 {[%clk 0:29:19]} 18.
exf5 {[%clk 0:20:25]} Bxf5 {[%clk 0:26:51]} 19. Qd2 {[%clk 0:13:33]} Be4 {[%clk
0:20:05]} 20. Be2 {[%clk 0:10:36]} Nb3 {[%clk 0:17:58]} 21. Qe3 {[%clk
0:10:13]} Bc2 {[%clk 0:17:19]} 22. Nd2 {[%clk 0:07:37]} Bxd1 {[%clk 0:16:48]}
23. Bxd1 {[%clk 0:07:52]} Nc5 {[%clk 0:15:30]} 24. Nc3 {[%clk 0:07:44]} Qf6
{[%clk 0:14:15]} 25. Nde4 {[%clk 0:07:31]} Nxe4 {[%clk 0:13:40]} 26. Nxe4
{[%clk 0:07:53]} Qf4 {[%clk 0:13:38]} 27. Qxf4 {[%clk 0:07:40]} Rxf4 {[%clk
0:13:47]} 28. Bg4 {[%clk 0:07:49]} Kh7 {[%clk 0:11:05]} 29. Be6 {[%clk
0:07:36]} Rb8 {[%clk 0:10:02]} 30. Bd7 {[%clk 0:07:16]} Ra8 {[%clk 0:08:47]}
31. Bc6 {[%clk 0:07:13]} Ra7 {[%clk 0:08:32]} 32. f3 {[%clk 0:07:24]} Rf8
{[%clk 0:04:37]} 33. Re2 {[%clk 0:06:43]} Bf6 {[%clk 0:03:34]} 34. Kh2 {[%clk
0:06:14]} Bg5 {[%clk 0:02:53]} 35. Kg1 {[%clk 0:03:54]} Bf4 {[%clk 0:02:00]}
36. Kh1 {[%clk 0:03:53]} Bg5 {[%clk 0:01:20]} 37. Kg1 {[%clk 0:04:08]} Be7
{[%clk 0:01:32]} 38. Kh2 {[%clk 0:04:16]} g5 {[%clk 0:01:44]} 39. Rf2 {[%clk
0:01:00]} h5 {[%clk 0:00:58]} 40. g4 {[%clk 0:00:58]} Kg6 {[%clk 0:00:37]} 41.
Kg3 {[%clk 0:01:09]} hxg4 {[%clk 0:26:22]} 42. hxg4 {[%clk 0:31:14]} Rh8 {[%clk
0:24:05]} 43. Rh2 {[%clk 0:31:12]} Rh4 {[%clk 0:19:55]} 44. Kg2 {[%clk
0:28:21]} Ra5 {[%clk 0:17:59]} 45. Kg3 {[%clk 0:27:42]} Ra6 {[%clk 0:15:22]}
46. Bb7 {[%clk 0:27:12]} Ra7 {[%clk 0:15:20]} 47. Bc6 {[%clk 0:27:26]} Ra5
{[%clk 0:14:47]} 48. Kg2 {[%clk 0:27:25]} Bf6 {[%clk 0:14:31]} 49. Kg3 {[%clk
0:24:49]} Be7 {[%clk 0:10:37]} 50. Kg2 {[%clk 0:23:09]} Ra7 {[%clk 0:07:25]}
51. Kg3 {[%clk 0:23:04]} Ra5 {[%clk 0:06:04]} 52. Kg2 {[%clk 0:22:38]} 1/2-1/2

[Event "Deutsche Ländermeisterschaft 2017"]
[Site "Hannover GER"]
[Date "2017.10.04"]
[Round "7"]
[White "Sieber, Fiona"]
[Black "Krause, Benedict"]
[Result "0-1"]
[Termination "normal"]
[Board "4.1"]
[WhiteTitle "WFM"]
[BlackTitle "FM"]
[WhiteElo "2248"]
[BlackElo "2438"]
[WhiteClock "00:06:59"]
[BlackClock "00:22:00"]
[WhiteTeam "Sachsen-Anhalt"]
[BlackTeam "Schleswig-Holstein"]
[PlyCount "100"]
[WhiteFideId "12902373"]
[BlackFideId "12917990"]
[EventCountry "GER"]
[EventRounds "7"]
[EventType "team-swiss"]
[EventDate "2017.09.29"]

1. e4 {[%clk 1:30:58]} c6 {[%clk 1:30:55]} 2. d4 {[%clk 1:31:24]} d5 {[%clk
1:31:21]} 3. e5 {[%clk 1:31:50]} Bf5 {[%clk 1:31:46]} 4. Nf3 {[%clk 1:32:16]}
e6 {[%clk 1:32:12]} 5. Be2 {[%clk 1:32:42]} c5 {[%clk 1:32:36]} 6. Be3 {[%clk
1:28:28]} Qb6 {[%clk 1:32:19]} 7. Nc3 {[%clk 1:26:15]} Nc6 {[%clk 1:32:39]} 8.
O-O {[%clk 1:23:52]} Qxb2 {[%clk 1:32:27]} 9. Qe1 {[%clk 1:23:10]} c4 {[%clk
1:32:46]} 10. Rb1 {[%clk 1:20:29]} Qxc2 {[%clk 1:33:01]} 11. Bd1 {[%clk
1:20:09]} Qxb1 {[%clk 1:33:25]} 12. Nxb1 {[%clk 1:20:33]} Bxb1 {[%clk 1:33:51]}
13. Ba4 {[%clk 1:14:16]} Bd3 {[%clk 1:33:16]} 14. Qa5 {[%clk 1:13:48]} Kd7
{[%clk 1:32:20]} 15. Bxc6+ {[%clk 1:04:28]} Kxc6 {[%clk 1:25:05]} 16. Rd1
{[%clk 0:58:56]} Bg6 {[%clk 1:13:01]} 17. Bc1 {[%clk 0:54:39]} Nh6 {[%clk
0:51:42]} 18. Ba3 {[%clk 0:53:19]} Bxa3 {[%clk 0:47:25]} 19. Qxa3 {[%clk
0:53:42]} Rhd8 {[%clk 0:46:49]} 20. Qa4+ {[%clk 0:36:00]} Kc7 {[%clk 0:46:01]}
21. h3 {[%clk 0:34:57]} Nf5 {[%clk 0:40:46]} 22. Qb4 {[%clk 0:32:30]} b6 {[%clk
0:33:28]} 23. g4 {[%clk 0:31:49]} a5 {[%clk 0:32:35]} 24. Qa3 {[%clk 0:31:03]}
Nh6 {[%clk 0:32:29]} 25. Nd2 {[%clk 0:28:53]} Ng8 {[%clk 0:28:29]} 26. Nf1
{[%clk 0:26:50]} Rd7 {[%clk 0:26:38]} 27. Ne3 {[%clk 0:26:28]} Ne7 {[%clk
0:25:24]} 28. f4 {[%clk 0:26:05]} Be4 {[%clk 0:25:11]} 29. Rd2 {[%clk 0:22:32]}
Nc6 {[%clk 0:24:46]} 30. Qa4 {[%clk 0:13:32]} Kb7 {[%clk 0:21:09]} 31. Nd1
{[%clk 0:12:20]} Rc7 {[%clk 0:08:26]} 32. Nc3 {[%clk 0:12:27]} Rac8 {[%clk
0:07:24]} 33. a3 {[%clk 0:06:03]} Na7 {[%clk 0:06:23]} 34. Rb2 {[%clk 0:05:44]}
Ka6 {[%clk 0:06:13]} 35. Kf2 {[%clk 0:01:13]} Rb8 {[%clk 0:04:50]} 36. Ke3
{[%clk 0:01:05]} b5 {[%clk 0:04:48]} 37. Qd1 {[%clk 0:01:33]} Bd3 {[%clk
0:04:47]} 38. Na4 {[%clk 0:01:17]} Rbc8 {[%clk 0:02:59]} 39. Nc5+ {[%clk
0:01:10]} Rxc5 {[%clk 0:03:21]} 40. dxc5 {[%clk 0:01:35]} Rxc5 {[%clk 0:03:35]}
41. Rd2 {[%clk 0:15:21]} Be4 {[%clk 0:27:26]} 42. f5 {[%clk 0:11:19]} c3 {[%clk
0:25:27]} 43. Rf2 {[%clk 0:10:42]} c2 {[%clk 0:25:40]} 44. Qc1 {[%clk 0:10:59]}
Nc6 {[%clk 0:24:42]} 45. fxe6 {[%clk 0:10:56]} fxe6 {[%clk 0:24:52]} 46. Kf4
{[%clk 0:09:05]} Nd4 {[%clk 0:23:35]} 47. Rxc2 {[%clk 0:08:14]} Rxc2 {[%clk
0:22:58]} 48. Qe3 {[%clk 0:06:59]} Rc3 {[%clk 0:21:10]} 49. Qxd4 {[%clk
0:06:34]} Rf3+ {[%clk 0:21:35]} 50. Kg5 {[%clk 0:06:59]} h6+ {[%clk 0:22:00]}
0-1

[Event "Deutsche Ländermeisterschaft 2017"]
[Site "Hannover GER"]
[Date "2017.10.04"]
[Round "7"]
[White "Parvanyan, Ashot"]
[Black "Roseneck, Jonas"]
[Result "0-1"]
[Termination "normal"]
[Board "4.2"]
[WhiteTitle "FM"]
[WhiteElo "2374"]
[BlackElo "2179"]
[WhiteClock "00:00:33"]
[BlackClock "00:24:44"]
[WhiteTeam "Schleswig-Holstein"]
[BlackTeam "Sachsen-Anhalt"]
[PlyCount "62"]
[WhiteFideId "13307550"]
[BlackFideId "12939870"]
[EventCountry "GER"]
[EventRounds "7"]
[EventType "team-swiss"]
[EventDate "2017.09.29"]

1. Nf3 {[%clk 1:30:46]} d5 {[%clk 1:30:55]} 2. g3 {[%clk 1:30:49]} g6 {[%clk
1:31:19]} 3. Bg2 {[%clk 1:30:50]} Bg7 {[%clk 1:31:44]} 4. d4 {[%clk 1:31:16]}
Nf6 {[%clk 1:32:10]} 5. O-O {[%clk 1:31:34]} O-O {[%clk 1:32:36]} 6. c3 {[%clk
1:29:08]} Bf5 {[%clk 1:26:57]} 7. Qb3 {[%clk 1:26:55]} Qc8 {[%clk 1:23:09]} 8.
Bf4 {[%clk 1:16:42]} c6 {[%clk 1:15:20]} 9. Nbd2 {[%clk 1:10:23]} Nbd7 {[%clk
1:13:36]} 10. Rac1 {[%clk 0:56:22]} Ne4 {[%clk 0:54:53]} 11. Nh4 {[%clk
0:38:02]} Nxd2 {[%clk 0:51:40]} 12. Bxd2 {[%clk 0:37:59]} Bg4 {[%clk 0:50:02]}
13. f3 {[%clk 0:27:39]} Be6 {[%clk 0:50:13]} 14. Qa3 {[%clk 0:24:47]} c5 {[%clk
0:47:18]} 15. Kh1 {[%clk 0:24:46]} Nb6 {[%clk 0:46:33]} 16. b3 {[%clk 0:19:07]}
cxd4 {[%clk 0:45:05]} 17. cxd4 {[%clk 0:19:26]} Qd7 {[%clk 0:45:31]} 18. Qb4
{[%clk 0:18:09]} Bf6 {[%clk 0:42:34]} 19. Bh6 {[%clk 0:16:31]} g5 {[%clk
0:41:51]} 20. e4 {[%clk 0:06:50]} gxh4 {[%clk 0:41:26]} 21. Bxf8 {[%clk
0:07:01]} Rxf8 {[%clk 0:38:14]} 22. Rfd1 {[%clk 0:02:30]} dxe4 {[%clk 0:33:17]}
23. fxe4 {[%clk 0:02:22]} Bg4 {[%clk 0:29:00]} 24. Rd3 {[%clk 0:02:22]} h3
{[%clk 0:29:00]} 25. Bf1 {[%clk 0:02:22]} Bg5 {[%clk 0:29:00]} 26. Rc5 {[%clk
0:02:22]} f5 {[%clk 0:29:00]} 27. Qc3 {[%clk 0:02:22]} h6 {[%clk 0:29:00]} 28.
e5 {[%clk 0:02:22]} f4 {[%clk 0:29:00]} 29. gxf4 {[%clk 0:02:22]} Rxf4 {[%clk
0:29:00]} 30. Bxh3 {[%clk 0:02:22]} Qf5 {[%clk 0:29:00]} 31. Bxg4 {[%clk
0:00:33]} Rf1+ {[%clk 0:24:44]} 0-1